Szczegóły MARC21

Patrząc na rozmaite świata tego sprawy : antologia polskiej poezji renesansowej /

003 -Nazwa inst., której nr kontr. jest w polu 001 [,]
    • @
    • Nazwa instytucji, której n kontrolny jest w polu 001
    • NUKAT
005 -DATA I CZAS OSTATNIEJ MODYFIKACJI [,]
    • @
    • pole kontrolne
    • 20241231114557.0
020 -Międzynarod. znormalizowany nr książki - ISBN [ , ]
    • a
    • Numer ISBN
    • 8306006062 Find
040 -Instytucja sporządzająca opis [ , ]
    • a
    • Instytucja, która sporządziła opis (NP)
    • GD U/MZ
    • c
    • Instytucja, która sporządziła rekord (NP)
    • GD U/MZ
    • d
    • Instytucja, która zmodyfikowała rekord (P)
    • GD U/ISSs
    • d
    • Instytucja, która zmodyfikowała rekord (P)
    • GL 001/JK
    • d
    • Instytucja, która zmodyfikowała rekord (P)
    • GD 27/LKs
942 -Rodzaj dokumentu [ , ]
    • c
    • Rodzaj dokumentu
    • Książka
245 -Strefa tytułu i oznaczenia odpowiedzialności [0,0]
    • a
    • Tytuł
    • Patrząc na rozmaite świata tego sprawy : Find
    • b
    • Ciąg dalszy tytułu (NP)
    • antologia polskiej poezji renesansowej / Find
    • c
    • Pozostałe elementy strefy tytułu i oznaczenia odpowiedzialności (NP)
    • oprac. Jadwiga Sokołowska ; [koment. i oprac. tekstów Grzegorz Żurek].
260 -Strefa adresu wydawniczego [ , ]
    • a
    • Miejsce wydania (P)
    • Warszawa :
    • b
    • Nazwa wydawcy (P)
    • Państwowy Instytut Wydawniczy,
    • c
    • Data wydania (P)
    • 1984.
300 -Strefa opisu fizycznego [ , ]
    • a
    • Określenie formy książki i/lub objętość (NP)
    • 300, [3] s., [80] s. tabl. (w tym XVI kolor.) :
    • b
    • Oznaczenie ilustracji (NP)
    • il., fot. ;
    • c
    • Format (NP)
    • 25 cm.
336 -Typ zawartości [ , ]
    • a
    • Termin opisujący typ zawartości
    • Tekst
    • b
    • Kod określający zawartość
    • txt
    • 2
    • Źródło (terminu i kodu)
    • rdacontent
337 -Typ mediów [ , ]
    • a
    • Tryb odtwarzania
    • Bez urządzenia pośredniczącego
    • b
    • Kod typu mediów
    • n
    • 2
    • Źródło (terminu i kodu)
    • rdamedia
338 -Typ/rodzaj nośnika [ , ]
    • a
    • Hasło opisujące typ nośnika
    • Wolumin
    • b
    • Kod typu nośnika
    • nc
    • 2
    • Źródło (terminu i kodu)
    • rdacarrier
504 -Uwaga dot. bibliogr. załącznikowej [ , ]
    • a
    • Uwaga dot. bibliografii załącznikowej
    • Indeksy.
080 -Uniwersalna Klasyfikacja Dziesiętna [ , ]
    • a
    • Symbol klasyfikacji
    • 821.162.1-1
    • 2
    • Identyfikator wydania tablic
    • UDC-P058
    • 9
    • UKD
    • 8011
    • b
    • Dopowiedzenie
    • Literatura polska. - Poezja. Dramat poetycki.
    • 4
    • UKD2
    • 8450
    • x
    • Poddział wspólny
    • (082.2)
    • c
    • Dopowiedzenie poddz. wspólnego
    • (Antologie. Wypisy (różnych autorów). Cytaty. Fragmenty).
    • 4
    • UKD2
    • 8484
    • x
    • Poddział wspólny
    • "15"
    • c
    • Dopowiedzenie poddz. wspólnego
    • Wiek XVI.
655 -Hasło w funkcji tematu formalnego [ ,7]
    • a
    • Hasło
    • Poezja polska
    • y
    • Określnik chronologiczny
    • 16 w.
    • v
    • Określnik formy
    • antologie.
    • 2
    • Źródło terminu
    • kaba
    • 9
    • KHW
    • 361044
980 -Symbol UKD [ , ]
    • a
    • UKD
    • 821.162.1-1(082.2)"15"
700 -Hasło dodatkowe - nazwa osobowa [1, ]
    • a
    • Nazwa osobowa (NP)
    • Sokołowska, Jadwiga Find
    • d
    • Daty biograficzne (NP)
    • (1925-1991).
    • e
    • Określenie rodzaju współpracy
    • Oprac.
    • 9
    • KHW
    • 24033
700 -Hasło dodatkowe - nazwa osobowa [1, ]
    • a
    • Nazwa osobowa (NP)
    • Żurek, Grzegorz Find
    • c
    • Dopowiedzenie inne niż daty biograficzne (NP)
    • (filologia klasyczna).
    • e
    • Określenie rodzaju współpracy
    • Oprac.
    • 9
    • KHW
    • 75674
710 -Hasło dodatkowe - nazwa ciała zbiorowego [2, ]
    • a
    • Nazwa ciała zbiorowego lub nazwa geograficzna jako pierwszy element (NP)
    • Państwowy Instytut Wydawniczy.
    • 4
    • Kod relacji
    • pbl
    • 9
    • KHW
    • 51410
920 -ISBN [ , ]
    • a
    • ISBN
    • 83-06-00606-2 Find
Numer inwentarzowy Status udost. Data inwentaryzacji Lokalizacja Sygnatura
W.116219-32004-07-30BG 
W.133591-32004-07-30BG 
Z.5531112004-07-30BGZ.55311
W.172011-32004-07-30BG 
P.435412004-07-30BM 
P.1944512004-10-01BMPOL.Antologie - poezja polska 13